000 00882nam a22002417a 4500
001 8769
003 FISKH
005 20251020084006.0
008 251020b cb ||||| |||| 00| 0 eng d
020 _a9783453435377
040 _aFISKH
_beng
_cFISKH
_dFISKH
050 _aPS3557.R5355 A88
082 _a813.54
100 _aGrisham, John
245 _aDer anwalt /
_cJohn Grisham
250 _aThis edition published in 2011
260 _aMunchen :
_bWilhelm Heyne Verlag,
_c2009
300 _a447, 16 pages :
_c19 cm
520 _aThree months after leaving Yale, Kyle McAvoy becomes an associate at the largest law firm in the world, where, in addition to practicing law, he is expected to lie, steal, and take part in a scheme that could send him to prison, if not get him killed.
650 _aBlackmail
_vFiction
_xCrime fiction
942 _2ddc
_cBK
_n0
999 _c8769
_d8769